000 00323nam a22001453 4500
001 206755
005 20250610124553.0
090 _a206755
100 _a20250609 ukry50
101 _aukr
102 _aUA
200 _a
210 _d2025
801 _2unimarc
_aUA
_gpsbo
942 _cJOURNAL